Success as an introvert for dummies
If you're an introvert, this guide will help you identify your strengths, and boost your confidence. By learning to communicate with greater ease and with influence, you'll improve relationships with colleagues, partners, friends, and children.
Đã lưu trong:
| 主要作者: | |
|---|---|
| 其他作者: | , |
| 格式: | 图书 |
| 语言: | English |
| 出版: |
Hoboken, NJ
John Wiley & Sons, Inc.
2014.
|
| 丛编: | For dummies
|
| 主题: | |
| 标签: |
添加标签
没有标签, 成为第一个标记此记录!
|
| Thư viện lưu trữ: | Mạng thư viện Đại học Đà Nẵng |
|---|
| LEADER | 01458nam a2200373 4500 | ||
|---|---|---|---|
| 001 | 000024552 | ||
| 003 | 21040 | ||
| 005 | 20161213161235.0 | ||
| 008 | 161213s2014 engsd | ||
| 020 | |a 9781118738375 (pbk.) |a 1118738373 (pbk.) | ||
| 041 | 0 | |a eng | |
| 082 | 1 | 4 | |a 155.232 |b PA-J |
| 100 | 1 | |a Pastor, Joan |q (Laura Ann) | |
| 245 | 1 | 0 | |a Success as an introvert for dummies |c Joan Pastor, PhD. |
| 260 | |a Hoboken, NJ |b John Wiley & Sons, Inc. |c 2014. | ||
| 300 | |a xiv, 303 p. |b ill. |c 24 cm. | ||
| 490 | |a For dummies | ||
| 500 | |a Includes index. | ||
| 520 | 3 | |a If you're an introvert, this guide will help you identify your strengths, and boost your confidence. By learning to communicate with greater ease and with influence, you'll improve relationships with colleagues, partners, friends, and children. | |
| 650 | 0 | |a Introversion. | |
| 650 | 0 | |a Interpersonal relations. | |
| 653 | |a Tâm lý học | ||
| 700 | 1 | |d 1906-1998. |d 1947- |q (Sandra M.) | |
| 700 | 1 | |d 1957- |q (Margaret M.) | |
| OWN | |a LSP | ||
| AVA | |a UDN50 |b LSP |d 155.232 PA-J |e available |t Error 5001 Not defined in file expand_doc_bib_avail. |f 1 |g 0 |h N |i 0 |k 1 | ||
| 999 | |a From the UDN01 | ||
| AVA | |a UDN50 |b LSP |d 155.232 PA-J |e available |t Error 5001 Not defined in file expand_doc_bib_avail. |f 1 |g 0 |h N |i 0 |k 1 | ||
| TYP | |a Monograph | ||
| TYP | |a Printed language | ||
| 980 | |a Mạng thư viện Đại học Đà Nẵng | ||


